Chekhovar Galpa : (Record no. 10751)

MARC details
000 -LEADER
fixed length control field 00603cam a2200205ua 4500
001 - CONTROL NUMBER
control field 11976
005 - DATE AND TIME OF LATEST TRANSACTION
control field 20260515114825.0
008 - FIXED-LENGTH DATA ELEMENTS--GENERAL INFORMATION
fixed length control field 191224n ii |||gr||||Z||||||asm
020 ## - INTERNATIONAL STANDARD BOOK NUMBER
International Standard Book Number 9788176654982
040 ## - CATALOGING SOURCE
Transcribing agency MAIN
082 ## - DEWEY DECIMAL CLASSIFICATION NUMBER
Classification number 891.4513
100 ## - MAIN ENTRY--PERSONAL NAME
Personal name Pradip Kumar . ,
Relator term Translator.
245 ## - TITLE STATEMENT
Title Chekhovar Galpa :
Remainder of title stories of Anton Pavlovinch Chekhov /
Statement of responsibility, etc. Translated by Pradip Kumar .
250 ## - EDITION STATEMENT
Edition statement 2nd ed.
260 ## - PUBLICATION, DISTRIBUTION, ETC.
Place of publication, distribution, etc. Guwahati:
Name of publisher, distributor, etc. Students store,
Date of publication, distribution, etc. 2016.
300 ## - PHYSICAL DESCRIPTION
Extent 175p.
653 ## - INDEX TERM--UNCONTROLLED
Uncontrolled term East Indo-European & Celtic literatures
700 ## - ADDED ENTRY--PERSONAL NAME
Personal name Anton Pavlovinch Chekhov,
Relator term Author.
942 ## - ADDED ENTRY ELEMENTS (KOHA)
Koha item type Books
Holdings
Withdrawn status Lost status Damaged status Not for loan Home library Current library Shelving location Date acquired Total checkouts Full call number Barcode Date last seen Copy number Price effective from Koha item type Date last checked out
        Naharkatiya College Library Naharkatiya College Library General stacks 09/19/2020   891.4513ANT 24332 09/19/2020 1 09/19/2020 Books  
        Naharkatiya College Library Naharkatiya College Library General stacks 09/19/2020 3 891.4513ANT 24333 02/20/2025 2 09/19/2020 Books 02/15/2025